000 00874cam a22002651 4500
001 3589781
003 OSt
005 20160429181614.0
008 740608s1967 maua b 000 0 eng
010 _a 67019430
040 _aDLC
_cDLC
_dDLC
_dICU
050 0 0 _aQC174.45
_b.S28 1967
051 _aQC174.45
_b.S28 1973
_cAnother issue. Fourth printing, with corrections.
082 0 0 _a531
_bSAK 1967
100 1 _aSakurai, J. J.
_98399
245 1 0 _aAdvanced quantum mechanics
_c J. J. Sakurai.
260 _aReading, Mass.,
_bAddison-Wesley Pub. Co.
_c1967
300 _axii, 336 p.
_billus.
_c24 cm.
490 1 _aAddison-Wesley series in advanced physics
504 _aBibliography: p. 323-324.
650 0 _aQuantum field theory.
_98084
830 0 _aA-W series in advanced physics.
_98400
906 _a7
_bcbc
_corignew
_du
_eocip
_f19
_gy-gencatlg
942 _2ddc
_cSLOAN
999 _c3829
_d3829